00374nam a22001337a 450000500170000000800410001704100130005808200120007110000130008324500390009626000470013530000320018265000260021420240701121042.0240701b |||||||| |||| 00| 0 eng d aEnglish  a349 ANN lEnglish  aAnnual Survey of South African Law aCape Town: bJuta and Company Ltd, c1980  bxlviii, 556 pages;c25 cm.  aLegal practice bLaw